|
|
|
|
| LEADER |
00000naa0a2200000 4500 |
| 001 |
597022 |
| 005 |
20251202102313.0 |
| 035 |
|
|
|a (RuTPU)RU\TPU\tpu\20117
|
| 090 |
|
|
|a 597022
|
| 100 |
|
|
|a 20111006d2002 k||y0rusy50 ca
|
| 101 |
0 |
|
|a rus
|
| 102 |
|
|
|a RU
|
| 200 |
1 |
|
|a Проблемы компактирования нанопорошков и методы их решения
|f О. Л. Хасанов
|
| 330 |
|
|
|a Рассмотрены возможности, достоинства и недостатки различных методов компактирования порошков применительно к нанопорошкам (НП). Показано, что метод ультразвукового компактирования эффективен для сухого формования непластичных керамических НП, обеспечивает высокую прочность и равномерную по объему плотность прессовок, спекание высококачественной нанокерамики. УЗ-воздействие на компактируемый НП позволяет разрушить агломераты частиц, реактивировать их поверхность, снизить межчастичное и пристенное трение при прессовании. Развиты новые подходы в теории сухого прессования порошков и разработаны способы эффективного холодного сухого компактирования керамических НП для изготовления изделий сложной формы
|
| 333 |
|
|
|a В фонде НТБ ТПУ отсутствует
|
| 463 |
|
|
|t Физикохимия ультрадисперсных (нано-) систем
|o материалы 6 Всероссийской (международной) конференции, Томск,19-23 августа, 2002
|v С. 167
|d 2002
|
| 610 |
1 |
|
|a труды учёных ТПУ
|
| 700 |
|
1 |
|a Хасанов
|b О. Л.
|c физик, специалист в области наноматериалов
|c профессор Томского политехнического университета, доктор технических наук
|c директор Нано-Центра ТПУ, заведующий кафедрой наноматериалов и нанотехнологий
|f 1958-
|g Олег Леонидович
|3 (RuTPU)RU\TPU\pers\26436
|9 12140
|
| 801 |
|
1 |
|a RU
|b 63413507
|c 20111006
|
| 942 |
|
|
|c BK
|